000 00308nam a2200109Ia 4500
008 171211s9999 xx 000 0 und d
245 _aHammer Film Scores and the Musical Avant-Garde
245 _cDavid Huckvale
260 _c2008
650 _xcinema
856 _uhttp://down.ebook777.com/064/0786434562.pdf
999 _c348728
_d348728